01166nam a22001697a 4500008004100000020001800041050001400059082001200073100002100085245010000106260004400206300003100250500003600281505064000317700001900957700002000976180201b xxu||||| |||| 00| 0 eng d a9781418021221 aR690.S525 22nd ed. aSIMMERS, Louise. aIntroduction to health science technology. /cLouise Simmers, Karen Simmers and Sharon Simmers. aClifton Park:bCengage Learning,c2009. axxvii, 620p.:bill.;c29cm aIncludes appendix and glossary. aContents: Health care industry and careers: History and trends of health care -- Health care systems -- Careers in health care -- Personal and professional qualities of a health care worker -- Legal and ethical responsibilities -- The human body: Medical terminology -- Anatomy and physiology -- Human growth and development -- Nutrition and diets -- Special considerations in health care: Cultural diversity -- Geriatric care -- Basics of health care: Promotion of safety -- Infection control -- Vital signs -- First aid -- Working in health care: Preparing for the world of work -- Computer technology in health care -- medical math. aSimmers, Karen aSimmers, Sharon